00470nam a2200145Ia 450000500170000000800410001710000190005824500700007726000130014730000110016065000130017194200070018499900170019195201160020820260328104310.0260328s9999||||xx |||||||||||||| ||und|| aHorta, Aurelio 0aPensar el Diseño una profesión del Siglo XXI /cAurelio Horta bVeritas  a191 p. aTEORÍA cBK c10918d10918 001040708GENaGPCbGPCcGENd2026-03-28i5160l0o745.29 H 788p5160r2026-03-28 15:43:10t1w2026-03-28yBK